| 000 | 00455nam a2200169Ia 4500 | ||
|---|---|---|---|
| 020 | _a(hb) | ||
| 082 |
_a327.5492 _bZAI _cL-37, P-188 |
||
| 100 |
_aZainal Abedin _937803 |
||
| 245 | _aRaw and Bangladesh | ||
| 260 |
_aDhaka _bFatema Shahab _c1995 |
||
| 300 | _a270p | ||
| 526 |
_a0 _b0 _c0 _d327_549200000000000_ZAI |
||
| 650 |
_aBangladesh -- History _937804 |
||
| 650 |
_aIndia -- Pakistan Conflict- 1971 _95188 |
||
| 650 |
_aMCE _9379 |
||
| 942 |
_2ddc _cBK |
||
| 999 |
_c542582 _d542582 |
||